El mandamiento olvidado : (Registro nro. 53640)

Detalles MARC
000 -LEADER
campo de control de longitud fija 02476cam a22004574i 4500
003 - IDENTIFICADOR DE NÚMERO DE CONTROL
campo de control PE-LiUPU
005 - FECHA Y HORA DE LA ÚLTIMA TRANSACCIÓN
campo de control 20250731173420.0
008 - DATOS DE LONGITUD FIJA--INFORMACIÓN GENERAL
campo de control de longitud fija 150706s1998 miu rb 000 0 spa d
020 ## - NÚMERO INTERNACIONAL ESTÁNDAR DEL LIBRO
Número Internacional Estándar del Libro 9780825414602
035 ## - NÚMERO DE CONTROL DEL SISTEMA
Número de control de sistema (Sirsi) i9780825414602
040 ## - FUENTE DE CATALOGACIÓN
Centro catalogador/agencia de origen PE-LiUPU
Lengua de catalogación spa
Centro/agencia transcriptor PE-LiUPU
Normas de descripción rda
049 ## - FONDOS LOCALES (OCLC)
Biblioteca depositaria PRUA
082 04 - NÚMERO DE LA CLASIFICACIÓN DECIMAL DEWEY
Número de clasificación 248.4
Cutter M12
Número de edición 21
100 1# - ENTRADA PRINCIPAL--NOMBRE DE PERSONA
Nombre de persona Macdonald, William,
Término indicativo de función/relación autor.
245 13 - MENCIÓN DEL TÍTULO
Título El mandamiento olvidado :
Resto del título Sed Santos /
Mención de responsabilidad, etc. William MacDonald.
264 #1 - PRODUCCIÓN, PUBLICACIÓN, DISTRIBUCIÓN, FABRICACIÓN Y COPYRIGHT
Producción, publicación, distribución, fabricación y copyright Grand Rapids, Michigan :
Nombre del de productor, editor, distribuidor, fabricante Portavoz,
Fecha de producción, publicación, distribución, fabricación o copyright [1998].
300 ## - DESCRIPCIÓN FÍSICA
Extensión 175 páginas ;
Dimensiones 22 centímetros
336 ## - TIPO DE CONTENIDO
Término de tipo de contenido text
Fuente rdacontent
337 ## - TIPO DE MEDIO
Nombre/término del tipo de medio unmediated
Fuente rdamedia
338 ## - TIPO DE SOPORTE
Nombre/término del tipo de soporte volume
Fuente rdacarrier
504 ## - NOTA DE BIBLIOGRAFÍA, ETC.
Nota de bibliografía, etc. Con notas bibliográficas.
505 0# - NOTA DE CONTENIDO CON FORMATO
Nota de contenido con formato Reflejo de Cristo -- Pobres reflejos de Cristo -- Personas que nos hacen pensar en Jesús -- ¿Por qué ser santos? -- Cuatro clases de santificación -- Toda la armadura de Dios -- La parte de Dios-nuestra parte -- Cómo hacer santos a los hombres -- Principios de conducta cristiana -- La encarnizada batalla contra el pecado -- Pongamos las cosas en claro -- El camino a la victoria-ser llenos del Espíritu -- Dos reinos -- La anatomía del pecado y del arrepentimiento -- El aspecto de la pureza moral -- A la homosexualidad Dios la llama pecado -- La masturbación -- La conciencia, el árbitro interior -- Como el hombre piensa -- La meditación tal como debe ser -- El doma de la lengua -- Perdónanos nuestros chismes -- La prueba de la temperatura del temperamento -- Cómo debemos vestirnos -- Decir la verdad -- Dilemas morales -- Señor, ¡Quebrántame! -- Las drogas, ¡sencillamente dile que no! -- El juego, el gran saqueo -- El control de la natalidad, pros y contras -- La política -- La contemplación del yo, el traidor interior -- ¿Música sagrada o contaminación sonora? -- Tómate el tiempo para ser santo.
526 ## - NOTA DE INFORMACIÓN SOBRE EL PROGRAMA DE ESTUDIO
Nombre del programa Segunda Especialidad En Profecías Bíblicas
526 ## - NOTA DE INFORMACIÓN SOBRE EL PROGRAMA DE ESTUDIO
Nombre del programa Segunda Especialidad En Nuevo Testamento
526 ## - NOTA DE INFORMACIÓN SOBRE EL PROGRAMA DE ESTUDIO
Nombre del programa Segunda Especialidad En Antiguo Testamento
526 ## - NOTA DE INFORMACIÓN SOBRE EL PROGRAMA DE ESTUDIO
Nombre del programa Segunda Especialidad En Estudios Adventistas
526 ## - NOTA DE INFORMACIÓN SOBRE EL PROGRAMA DE ESTUDIO
Nombre del programa Doctorado en teología
526 ## - NOTA DE INFORMACIÓN SOBRE EL PROGRAMA DE ESTUDIO
Nombre del programa Maestría en teología histórica
526 ## - NOTA DE INFORMACIÓN SOBRE EL PROGRAMA DE ESTUDIO
Nombre del programa Maestría en teología bíblica
526 ## - NOTA DE INFORMACIÓN SOBRE EL PROGRAMA DE ESTUDIO
Nombre del programa Maestría en teología
526 ## - NOTA DE INFORMACIÓN SOBRE EL PROGRAMA DE ESTUDIO
Nombre del programa Maestría en misionología
526 ## - NOTA DE INFORMACIÓN SOBRE EL PROGRAMA DE ESTUDIO
Nombre del programa Maestría en liderazgo eclesiástico
526 ## - NOTA DE INFORMACIÓN SOBRE EL PROGRAMA DE ESTUDIO
Nombre del programa Teología
650 04 - PUNTO DE ACCESO ADICIONAL DE MATERIA--TÉRMINO DE MATERIA
Término de materia o nombre geográfico como elemento de entrada Vida cristiana.
700 1# - ENTRADA AGREGADA--NOMBRE PERSONAL
Nombre de persona Escuain, Santiago,
Término indicativo de función/relación traductor.
910 ## - DATOS DE OPCIÓN DEL USUARIO (OCLC)
Datos de opción del usuario gl
942 ## - ELEMENTOS DE ENTRADA SECUNDARIOS (KOHA)
Fuente del sistema de clasificación o colocación Clasificación Decimal Dewey
Tipo de ítem Koha Libros físicos
949 ## - PROCESAMIENTO DE INFORMACIÓN LOCAL (OCLC)
a 248.4 M12
w DEWEY
c 1
i 64932
l CCODEBUL1
m BUL
p 11.00
r 0
s Y
t BOOK
u 2015-7-6
x TEOLOGIA
o .STAFF. Colección Teología
980 ## - EQUIVALENCIA O REFERENCIA-CRUZADA-MENCIÓN DE SERIE--NOMBRE DE PERSONA/TÍTULO [LOCAL, CANADÁ]
ID del último usuario que modificó el registro 1
Nombre del último usuario que modificó el registro ALBERTO SANCHEZ Responsable de Automatización
Existencias
Visto por última vez Número de inventario Total de préstamos Signatura topográfica completa Código de barras Fecha del último préstamo Copia número Coste, precio de reemplazo Fecha de reemplazo Facultad Tipo de ítem Koha Nota pública Estado de pérdida Fuente del sistema de clasificación o colocación Restricciones de uso No para préstamo Colección Programa académico Biblioteca de origen Biblioteca actual Ubicación en estantería Fecha de adquisición Fuente de adquisición Coste, precio normal de compra
2025-12-03 6 4 248.4 M12 64932 2024-04-03 e1 16.00 2015-07-06   Libros físicos inventario-2023-12-13 No Perdido Clasificación Decimal Dewey No restringido Disponible para préstamos Colección General Teología Biblioteca CRAI UPeU Lima Biblioteca CRAI UPeU Lima Sala principal 2015-07-06 COMPRA 11.00